000 00299nam a22001217a 4500
082 _a823
_bBLY/T
100 _aBLYTON, ENID
245 _aTOYTOWN STORIES - TUBBY BEAR AND DECORATING
260 _aUNITED KINGDOM
_bCOLLINS
_c1997
300 _a12
650 _aENGLISH STORY
_zUNITED KINGDOM
942 _cBK
999 _c7490
_d7490